| 000 | 01346cab a2200205 4500 | ||
|---|---|---|---|
| 001 | L136485 | ||
| 008 | 070202n2007 000 0 eng u | ||
| 035 | _a(Sirsi) u136485 | ||
| 041 | 0 | _aeng | |
| 110 | 2 |
_aEstates Gazette Interactive _94921 |
|
| 245 | 0 | 0 |
_aMarket analysis _bLondon office database _bissue 4 Oct-Dec 2006 |
| 260 | _c2007 | ||
| 490 |
_aEstates Gazette _v(0704) 27 January 2007, (20) |
||
| 520 | _aDespite a disappointing start to 2006 that was slow across all markets, it was a successful year for the London commercial property market, with take up approximately 300 000 sq m higher than 2005. Supply has continued to deplete through the year and now stands at its lowest level since the start of 2002. It has been the financial occupiers that have been responsible for most letting activity in 2006 and there has been no slowdown in the investment market. Availability rates will be pushed upwards due to the predicted drop in employment levels in 2008 and there will be a negative impact on rents as companies begin to place their suplus space onto the market at a time when demand is decreasing. Looking forward to 2007 however, the outlook is much more positive. | ||
| 590 | _aKA | ||
| 650 | 2 | 4 | _aLONDON OFFICE DATABASE |
| 651 | 4 | _aLONDON | |
| 690 | _aPROPERTY-COMMERCIAL PROPERTY-OFFICE PROPERTY-OFFICES | ||
| 942 | _n0 | ||
| 999 |
_c78312 _d78312 |
||